000 00807cam a2200289 4500500
005 20260405002850.0
041 _afre
042 _adc
100 1 0 _aEltchaninoff, Michel
_eauthor
245 0 0 _aEn direct de la démocratie
260 _c2019.
500 _a90
690 _aDébat
690 _aDémocratie
690 _aDenis Maillard
690 _aDialogue
690 _aDiscussion
690 _aÉgalité
690 _aFabienne Brugère
690 _aGilets jaunes
690 _aGrand Débat national
690 _aLille
690 _aPierre-Henri Tavoillot
690 _aRéforme
786 0 _nPhilosophie magazine | 127 | 3 | 2019-03-01 | p. 7-11 | 1951-1787
856 4 1 _uhttps://shs.cairn.info/magazine-philosophie-magazine-2019-3-page-7?lang=fr&redirect-ssocas=7080
999 _c2061884
_d2061884